| 000 | 00977nam a2200301 a 4500 | ||
|---|---|---|---|
| 001 | 016066616 | ||
| 003 | OSt | ||
| 005 | 20141106154224.0 | ||
| 008 | 120328t2013 xxka grd 001 0 eng d | ||
| 020 | _a9780273766407 (pbk.) | ||
| 020 | _a0273766406 (pbk.) | ||
| 040 |
_aStDuBDS _beng _cStDuBDS _dUk _dEG-ScBUE |
||
| 082 | 0 | 0 |
_a658.5 _222 _bTAY |
| 100 | 1 |
_aTaylor, Bernard W., _cIII _936461 |
|
| 245 | 1 | 0 |
_aIntroduction to management science / _cBernard W. Taylor III. |
| 250 |
_a11th ed., _bglobal ed. |
||
| 260 |
_aHarlow, United Kingdom : _bPearson Education Limited, _cc.2013 _e([Washington] : _fCourier Kendallville) |
||
| 300 |
_a840 p. : _bill. ; _c26 cm. |
||
| 490 | 0 | _aAlways learning | |
| 500 | _aPrevious ed. : 2010. | ||
| 500 | _aIncludes appendixes. | ||
| 500 | _aGlossary : p. 828-832. | ||
| 500 | _aIndex : p. 833-840. | ||
| 650 | 0 |
_aManagement science _925478 |
|
| 653 |
_bBUSADM _cNovember2014 |
||
| 655 |
_vreading book _934232 |
||
| 942 |
_2ddc _k658.5 TAY |
||
| 999 |
_c18558 _d18530 |
||